000 00825nam a2200265Ia 4500
003 OSt
005 20220928123953.0
006 a|||||r|||| 00| 0
007 ta
008 220927b |||||||| |||| 00| 0 eng d
020 _c795
024 _a118427
037 _b312, 01/02/2013, Classic Book Service
_cTextual
040 _aSDCL
_cSDCL
_beng
041 _2eng
_aeng
082 _aV4497'P, Q3
100 _aArora Vibha Ed.
_9462816
245 0 _aRouteing democracy in the himalayas
_b Experiments and experiences.
260 _aNew Delhi
_bRoutledge
_c2013
300 _axv,303p.
_ccm.
650 _aPolitical Science
700 _a Jayaram N. Ed.
_9413421
942 _hV4497'P, Q3
_cTEXL
_2CC
999 _c775781
_d775781